00467nam a22001457a 4500003000500000005001700005008004100022020001800063050002800081245007800109260006500187300004000252650001400292650001500306SISC20160616104217.0160611b xxu||||| |||| 00| 0 eng d a9780547589350 aQC 863 D612 2012b20201 aScience fusion : bearth's water and atmospherecMichael Dispezio et al.  aOrlando, FL :bHoughton Mifflin Harcourt Publishing, cc2012 aix, 262 p. :bcol. ill. ; c28 cm.  aHydrology aAtmosphere